banner koha

Setor comemora o melhor desempenho dos últimos três anos (Registro n. 328467)

MARC details
000 -LÍDER
fixed length control field 01169nab a2200385 4500
003 - CÓDIGO MARC DA AGÊNCIA CATALOGADORA
Campo de controle BR-BrBNA
005 - DATA E HORA DA ÚLTIMA ATUALIZAÇÃO
Campo de controle 20241106164924.0
008 - CAMPO DE TAMANHO FIXO
fixed length control field 241106b bl.||||| |||| 00| 0 por d
040 ## - FONTE DA CATALOGAÇÃO
Agência catalogadora BR-BrBNA
Idioma da catalogação por
072 ## - CATEGORIA AGRIS
Código AGRIS E16 ; E70 ; E71
100 ## - ENTRADA PRINCIPAL - NOME PESSOAL
Nome pessoal Boteon, Margarete
100 ## - ENTRADA PRINCIPAL - NOME PESSOAL
Nome pessoal Vitti, Aline
100 ## - ENTRADA PRINCIPAL - NOME PESSOAL
Nome pessoal Silva, Rafaela
245 ## - TÍTULO PRINCIPAL
Título principal Setor comemora o melhor desempenho dos últimos três anos
500 ## - NOTA GERAL
Nota geral 5 illus.; 3 tables
942 ## - ADDED ENTRY ELEMENTS (KOHA)
Koha item type Analítica
650 ## - ASSUNTO - THESAGRO
Cabeçalho tópico ou nome geográfico HORTALIÇA
650 ## - ASSUNTO - THESAGRO
Cabeçalho tópico ou nome geográfico FRUTA
650 ## - ASSUNTO - THESAGRO
Cabeçalho tópico ou nome geográfico PRODUÇÃO
650 ## - ASSUNTO - THESAGRO
Cabeçalho tópico ou nome geográfico PERFORMANCE
650 ## - ASSUNTO - THESAGRO
Cabeçalho tópico ou nome geográfico LUCRO
650 ## - ASSUNTO - THESAGRO
Cabeçalho tópico ou nome geográfico INVESTIMENTO
650 ## - ASSUNTO - THESAGRO
Cabeçalho tópico ou nome geográfico PESQUISA AGRÍCOLA
650 ## - ASSUNTO - THESAGRO
Cabeçalho tópico ou nome geográfico PRODUÇÃO INTEGRADA
650 ## - ASSUNTO - THESAGRO
Cabeçalho tópico ou nome geográfico QUALIDADE DO PRODUTO
650 ## - ASSUNTO - THESAGRO
Cabeçalho tópico ou nome geográfico COMERCIALIZAÇÃO
650 ## - ASSUNTO - THESAGRO
Cabeçalho tópico ou nome geográfico MODERNIZAÇÃO
650 ## - ASSUNTO - THESAGRO
Cabeçalho tópico ou nome geográfico ACORDO COMERCIAL
650 ## - ASSUNTO - THESAGRO
Cabeçalho tópico ou nome geográfico CONSUMO ALIMENTAR
650 ## - ASSUNTO - THESAGRO
Cabeçalho tópico ou nome geográfico PROPAGANDA
650 ## - ASSUNTO - THESAGRO
Cabeçalho tópico ou nome geográfico EXPORTAÇÃO
650 ## - ASSUNTO - THESAGRO
Cabeçalho tópico ou nome geográfico CRESCIMENTO
773 0# - ENTRADA ANALÍTICA
Host Biblionumber 4115
Registro do item 345303
Imprenta Piracicaba-SP Centro de Estudos Avançados em Economia Aplicada-CEPEA/USP/ESALQ 2002
Outro identificador 2024-5822
Título Hortifruti Brasil (Brazil)
ISSN 1981-1837
Colação v. 6(64) p. 6-11; (Dec 2007)
Número de controle de registro BR2024003122

Nenhum exemplar disponível.

BINAGRI

Telefone: (61)3218-2567/2388/3357/2097 - binagri@agro.gov.br

Ministério da Agricultura e Pecuária , Esplanada dos Ministérios, Bloco D, Anexo B, Brasília/DF, CEP: 70.043-900